| 000 | 02475nam0a2200481 4500 | ||
|---|---|---|---|
| 001 | RU\NLR\bibl\1686307 | ||
| 005 | 20260407053123.0 | ||
| 010 |
_a978-5-93204-539-8 _9480 |
||
| 021 |
_aRU _b2010-69087 _94552 |
||
| 035 | _a(nilc)LIBNET\0000068055 | ||
| 035 | _a(NLR Aleph) 001677473 | ||
| 090 |
_a1080113 _c1080113 |
||
| 100 | _a20100928d2010 |||y0rusy50 ca | ||
| 101 | 0 | _arus | |
| 102 | _aRU | ||
| 105 | _aa ||||||||| | ||
| 200 | 1 |
_aСибирь - наш край родной _eучебное пособие по русскому языку и культуре речи _eдля студентов нефилологических факультетов высших учебных заведений по дисциплине "Русский язык и культура речи" _fФедер. агентство по образованию, ГОУ ВПО "Сиб. гос. автомобил.-дорож. акад. (СибАДИ)" _g[И. Н. Суслов и др. _gнауч. ред.: Б. И. Осипов] |
|
| 210 |
_aОмск _cСибАДИ _d2010 |
||
| 215 |
_a227 с. _cил., портр., факс. _d21 |
||
| 320 | _aБиблиогр.: с. 225-226 (31 назв.) | ||
| 606 | 1 |
_aРусский язык _jУчебные издания для высших учебных заведений _xКультура речи _91542537 _3RU\NLR\auth\66973867 |
|
| 610 | 1 | _aРусский язык | |
| 610 | 1 | _aКультура речи | |
| 610 | 1 | _aРазвитие речи | |
| 610 | 1 | _aСибирь | |
| 610 | 1 | _aИстория Сибири | |
| 610 | 1 | _aОсвоение Сибири | |
| 610 | 1 | _aОмск (г.) | |
| 610 | 1 | _aОмская область | |
| 686 |
_a81.411.2-923.7 _vLBC/RL _2rubbk |
||
| 686 | _aШ141.12-923-72 | ||
| 686 |
_aШ141.12-923 _bД890(2) |
||
| 702 | 1 |
_4340 _8rus _7ca _aОсипов _bБ. И. _cд-р филол. наук _f1938-2018 _gБорис Иванович _3RU\NLR\AUTH\778274 _9118186 |
|
| 702 | 1 |
_4220 _8rus _7ca _aСуслов _bИ. Н. _gИван Николаевич _3RU\NLR\AUTH\7739124 _922108 |
|
| 712 | 0 | 2 |
_4570 _aСибирская государственная автомобильно-дорожная академия _cОмск _3RU\NLR\AUTH\8810022978 _9543983 |
| 801 | 0 |
_aRU _bОмская ГОНБ _c20100928 _grcr |
|
| 801 | 1 |
_aRU _bОмская ГОНБ _c20100928 _grcr _2rusmarc |
|
| 801 | 2 |
_aRU _bNLR _c20101014 _grcr |
|
| 942 | _cBOOK | ||
| 980 | _aNB | ||
| 980 | _aNBR | ||